000 00328 a2200133 4500
000 nam a22 7a 4500
100 _aBajwa SS
110 _aBajwa SS
245 _aसोशल मीडिया के विविध आयाम
250 _alatest edition
260 _bKK
_c2025
264 _bKK
_c2025
942 _cBK
999 _c397257
_d397257